Estudios de historia de la filosofía : de Hobbes a Gramsci /

Obra que analiza algunos de los capítulos fundamentales de la historia de la filosofía moderna y contemporánea a partir de de los rasgos del modo iusnaturalista -respuesta filosófica al problema del derecho, el intento de buscar el último fundamento a lo jurídico, congruente con la filosofía vigente...

Fuld beskrivelse

Guardado en:
Bibliografiske detaljer
Hovedforfatter: Bobbio, Norberto (autor)
Andre forfattere: Ruiz Miguel, Alfonso (preliminares) (preliminares)
Format: Bog
Sprog:spansk
Udgivet: Madrid, España : Debate, 1985, c1985
Serier:(Derecho Debate)
Fag:
Tags: Tilføj Tag
Ingen Tags, Vær først til at tagge denne postø!

MARC

LEADER 00000nam^a2200000^a^4500
001 000026887
005 20250521000000.0
009 20260310084748.744
020 |a 84-7444-194-3 
037 |a Acervo ITESO - Biblioteca 
041 |a ESP 
082 |a 140. 9  |b BOB 
100 |a Bobbio, Norberto  |e (autor) 
245 1 0 |a Estudios de historia de la filosofía :  |b de Hobbes a Gramsci /  |c N. Bobbio ; prelim. de A. Ruiz Miguel ; tr. por Juan Carlos Bayón. 
264 4 |a Madrid, España :  |b Debate,  |c 1985, c1985 
300 |a 364 p. 
336 |a texto  |b txt  |2 rdacontenido 
337 |a sin mediación  |b n  |2 rdamedio 
338 |a volumen  |b nc  |2 rdasoporte 
440 1 |a (Derecho Debate) 
520 |a Obra que analiza algunos de los capítulos fundamentales de la historia de la filosofía moderna y contemporánea a partir de de los rasgos del modo iusnaturalista -respuesta filosófica al problema del derecho, el intento de buscar el último fundamento a lo jurídico, congruente con la filosofía vigente en cada momento histórico-. El autor revisa la forma de pensar la sociedad y el Estado en las ideas políticas de Hobbes, Vico, Kant, Hegel, Marx, Weber y Gramsci. 
649 |a XX 
650 |a Filosofía -  |x Historia y Crítica 
650 |a Jusnaturalismo 
650 |a Estado, El -  |x Filosofía 
650 |a Filosofía Política 
650 |a Filosofía 
700 |a Ruiz Miguel, Alfonso  |e (preliminares) 
910 |a Fondo General 
920 |a Impresos - Libros 
930 |a Colección General 
905 |a 101 
901 |a 0268870100  |b IT1  |c ACC  |i 026887  |u 20250521 
902 |a https://opac.biblio.iteso.mx/vufind/Record/000026887